| 000 | 00402 a2200121 4500 | ||
|---|---|---|---|
| 001 | 155786 | ||
| 040 | _cEscola São Tomás de Aquino | ||
| 240 | 1 | 0 |
_aO Brasil amanhã _lpor |
| 245 | 1 | 0 | _aO Brasil amanhã |
| 300 | _a87 | ||
| 697 | _aGENERALIDADES | ||
| 942 | _cBK | ||
| 999 |
_c155786 _d155786 |
||